|
|
|
|
| LEADER |
00914nam a2200241 a 4500 |
| 001 |
29248 |
| 003 |
BD-DhAAL |
| 008 |
150601s2015 ii a b 000 0 eng d |
| 020 |
|
|
|a 9780199459452
|
| 020 |
|
|
|a 0199459452
|
| 040 |
|
|
|a BD-DhAAL
|c BD-DhAAL
|
| 082 |
0 |
0 |
|a 338.954
|2 21
|
| 245 |
0 |
0 |
|a India development report 2015 /
|c edited by S. Mahendra Dev.
|
| 260 |
|
|
|a New Delhi :
|b Oxford university press,
|c 2015.
|
| 300 |
|
|
|a xxvii, 470 pages :
|b illustrations (black and white), maps (black and white) ;
|c 28 cm.
|
| 541 |
1 |
|
|e 29248
|
| 651 |
|
0 |
|a India
|x Economic conditions
|y 1947-
|9 7647
|
| 651 |
|
0 |
|a India
|x Economic policy
|y 1980-1991
|9 11526
|
| 700 |
1 |
|
|a Dev, S. Mahendra.
|9 11527
|
| 852 |
4 |
|
|a Ayesha Abed Library
|j General shelf
|
| 942 |
|
|
|2 ddc
|c BK
|
| 999 |
|
|
|c 34562
|d 34562
|
| 952 |
|
|
|0 0
|1 0
|2 ddc
|4 0
|6 338_954000000000000_IND
|7 0
|9 53974
|a BRACUL
|b BRACUL
|c GEN
|d 2015-06-01
|l 0
|o 338.954 IND
|p 3010029248
|r 2015-06-01
|t 1
|w 2015-06-01
|y BK
|